Statistics for Botswana Country Quiz

Click here to take the quiz!

General Stats

  • This quiz has been taken 212 times
  • The average score is 14 of 22

Answer Stats

HintAnswer% Correct
Colours featured on the flagBlue
90%
South Africa
89%
White
89%
Zimbabwe
89%
Black
88%
Zambia
86%
Countries bordering BotswanaNamibia
84%
National languagesEnglish
82%
Name of the Capital CityGaborone
82%
Country that declared a protectorate over the areaUnited Kingdom
82%
Desert that covers the majority of the countryKalahari
76%
The name of the disease that hit Botswana particularly hard, reaching 57% of the population affected between the years 2007-2013HIV/AIDS
75%
SeTswana
54%
Year of Independence1966
52%
Main export of BotswanaDiamonds
51%
Delta found in the middle of the countryOkavango
45%
Name of the river forming part of the border in the southLimpopo
40%
National animalZebra
37%
Name of the country before IndependanceBechuanaland
34%
Name of the currencyPula
34%
Demonym of one person from BotswanaMoTswana
24%
The first president, Seretse Khama attained this from the former colonial powerKnighthood
9%

Score Distribution

Percentile by Number Answered

Percent of People with Each Score

Your Score History

You have not taken this quiz